6. zjazd Slovenskej spoločnosti pre poľnohospodárske, lesnícke, potravinárske a veterinárske vedy pri SAV zborník prednášok, Zvolen 6.-7.9. 2000 : C. sekcia potravinárska

Bibliographic Details
Corporate Author: Slovenská spoločnosť pre poľnohospodárske, lesnícke, potravinárske a veterinárske vedy. Zjazd (Author)
Format: Book
Language:Slovak
PhysicalDescription:205 strán schémy, tabuľky 21 cm
Published: [Zvolen] [Lesoprojekt] [2000]
ISBN:809684945X
Series:Veda na pomoc praxi
Subjects:

MARC

LEADER 00000cam a2200000 a 4500
001 vtls001426941
003 SK-MaSNL
005 20260302001808.0
008 220509s2000 xo l frn 10000 slo
015 |a SNBA2002/04-01574 
020 |a 809684945X 
035 |a SNK000381899 
035 |a urn:nbn:sk:snk-am3izyx 
035 |a 46A55924-196F-4EE9-9037-0DB0B5D0A865 
035 |a urn:nbn:sk:snk-am00gmsf 
040 |a SNK  |b slo  |c SNK  |e AACR2 
041 0 |a slo  |b eng 
044 |a xo  |c SK 
072 7 |a 63  |x Poľnohospodárstvo a príbuzné oblasti vedy a techniky  |2 konspekt 
072 7 |a 664  |x Potravinársky priemysel  |2 konspekt 
080 |a 663/664(082)  |2 1981 
080 |a 63  |2 2011 
080 |a 630  |2 2011 
080 |a 663/664  |2 2011 
080 |a 636.09  |2 2011 
080 |a (062.534)  |2 2011 
080 |a (042.3)  |2 2011 
110 2 |a Slovenská spoločnosť pre poľnohospodárske, lesnícke, potravinárske a veterinárske vedy.  |b Zjazd  |n (6. :  |d 2000 :  |c Zvolen, Slovensko)  |4 aut  |9 244531 
245 1 0 |a 6. zjazd Slovenskej spoločnosti pre poľnohospodárske, lesnícke, potravinárske a veterinárske vedy pri SAV  |b zborník prednášok, Zvolen 6.-7.9. 2000 : C. sekcia potravinárska 
246 3 |a Šiesty zjazd Slovenskej spoločnosti pre poľnohospodárske, lesnícke, potravinárske a veterinárske vedy pri SAV 
260 |a [Zvolen]  |b [Lesoprojekt]  |c [2000] 
300 |a 205 strán  |b schémy, tabuľky  |c 21 cm 
490 1 |a Veda na pomoc praxi 
500 |a Názov z obálky 
500 |a Na obálke uvedená 30 
500 |a Vydané pre Slovenskú spoločnosť pre poľnohospodárske, lesnícke, potravinárske a veterinárske vedy pri SAV 
504 |a Obsahuje bibliografické odkazy 
546 |a Anglické resumé 
650 0 7 |a poľnohospodárstvo  |2 SNKPH  |9 679 
650 0 7 |a lesníctvo  |2 SNKPH  |9 1255 
650 0 7 |a potravinárstvo  |2 SNKPH  |9 678 
650 0 7 |a veterinárna medicína  |2 SNKPH  |9 1148 
655 7 |a zborníky konferencií  |2 SNKPH  |9 70153 
655 7 |a prednášky  |2 SNKPH  |9 70554 
710 2 |a Slovenská spoločnosť pre poľnohospodárske, lesnícke, potravinárske a veterinárske vedy  |4 pbl  |9 169423 
830 0 |a Veda na pomoc praxi  |9 279257 
919 |a 80-968494-5-X 
958 |a OND 
958 |a ART 
958 |a TL 
958 |a NB 
958 |a ZB 
999 |c 985334  |d 987264 
952 |t P60, <03>, [BOOK], {603}  |a SNK  |b SNK  |y PREZ  |7 0  |p 17A0328905  |o snkSC 107122/[C]  |i snkKSP 986/2002  |0 0  |1 0  |4 0  |d 2002-01-23  |l 0  |r 2025-09-26 00:00:00  |w 2026-02-24 
952 |t P60, <04>, [BOOK], {604}  |a SNK  |b SNK  |y VYP  |7 0  |p 17A0328906  |o snkSC 107122/[C] D1  |i snkKSP 987/2002  |0 0  |1 0  |4 0  |d 2002-01-23  |l 0  |r 2005-01-02 00:00:00  |w 2026-02-24